000 00253nam a2200121Ia 4500
008 191201s2019 xx 000 0 und d
100 _aBODLE, Zvi
245 0 _aInvestments
260 _bTMH
_c2019
300 _a1091
650 _aMBA
942 _2ddc
_cBK
999 _c6928
_d6928